Kinetics and mechanism: A study of homogeneous chemical reactions (Record no. 30260)

MARC details
000 -LEADER
fixed length control field 00370nam a2200133Ia 4500
082 ## - DEWEY DECIMAL CLASSIFICATION NUMBER
Classification number 531.3
Item number FRO
100 ## - MAIN ENTRY--AUTHOR NAME
Personal name Frost, Arthur A
245 #0 - TITLE STATEMENT
Title Kinetics and mechanism: A study of homogeneous chemical reactions
250 ## - EDITION STATEMENT
Edition statement Ed.2
260 ## - PUBLICATION, DISTRIBUTION, ETC. (IMPRINT)
Place of publication New Delhi
Name of publisher Wiley Eastern
Year of publication 1961
700 ## - ADDED ENTRY--PERSONAL NAME
Personal name Pearson, Ralph G
942 ## - ADDED ENTRY ELEMENTS (KOHA)
Koha item type Books
Holdings
Withdrawn status Lost status Damaged status Not for loan Home library Current library Date acquired Cost, normal purchase price Full call number Accession Number Koha item type
        RRII Library RRII Library 16/12/2021 16.50 531.3 FRO 10834 Books